Teammates / (Record no. 4916)

MARC details
000 -LEADER
fixed length control field 00987nam a22002657a 4500
001 - CONTROL NUMBER
control field 4916
003 - CONTROL NUMBER IDENTIFIER
control field FISKH
005 - DATE AND TIME OF LATEST TRANSACTION
control field 20241025084958.0
008 - FIXED-LENGTH DATA ELEMENTS--GENERAL INFORMATION
fixed length control field 241025b cb ||||| |||| 00| 0 eng d
020 ## - INTERNATIONAL STANDARD BOOK NUMBER
International Standard Book Number 9780152842864
040 ## - CATALOGING SOURCE
Original cataloging agency FISKH
Language of cataloging eng
Transcribing agency FISKH
Modifying agency FISKH
050 ## - LIBRARY OF CONGRESS CALL NUMBER
Classification number GV865.A1
082 ## - DEWEY DECIMAL CLASSIFICATION NUMBER
Classification number 796.357092
100 ## - MAIN ENTRY--PERSONAL NAME
Personal name Golenbock, Peter
Dates associated with a name (1946-)
245 ## - TITLE STATEMENT
Title Teammates /
Statement of responsibility, etc. Written by Peter Golenbock Designed and Illustrated by Paul Bacon
250 ## - EDITION STATEMENT
Edition statement 1990
260 ## - PUBLICATION, DISTRIBUTION, ETC.
Place of publication, distribution, etc. New York :
Name of publisher, distributor, etc. Sandpiper,
Date of publication, distribution, etc. 1990.
300 ## - PHYSICAL DESCRIPTION
Extent 29 pages :
Other physical details Color illustrations ;
Dimensions 22 cm
520 ## - SUMMARY, ETC.
Summary, etc. Describes the racial prejudice experienced by Jackie Robinson when he joined the Brooklyn Dodgers and became the first black player in Major League baseball and depicts the acceptance and support he received from his white teammate Pee Wee Reese.
650 ## - SUBJECT ADDED ENTRY--TOPICAL TERM
Source of heading or term Non-fiction
Topical term or geographic name entry element Baseball
Form subdivision Biography
650 ## - SUBJECT ADDED ENTRY--TOPICAL TERM
Source of heading or term Sports
Topical term or geographic name entry element Racism
700 ## - ADDED ENTRY--PERSONAL NAME
Personal name Bacon, Paul
Dates associated with a name Illustrator
942 ## - ADDED ENTRY ELEMENTS (KOHA)
Source of classification or shelving scheme Dewey Decimal Classification
Koha item type Books
Suppress in OPAC No
Holdings
Withdrawn status Lost status Source of classification or shelving scheme Damaged status Not for loan Collection Home library Current library Shelving location Date acquired Total Checkouts Full call number Barcode Date last seen Copy number Price effective from Koha item type
    Dewey Decimal Classification     Non-Fiction Footprints International School Library Network Toul Kork Campus Footprints International School Library Network Toul Kork Campus A TK Campus, 4th Floor, Room B401, Non-Fiction Bookcases(7-8) 10/25/2024   BAC 796.357092 GV865.A1 2024-2221 10/25/2024 1 10/25/2024 Books